Food Webs
Uloženo v:
| Hlavní autor: | |
|---|---|
| Médium: | Kniha |
| Jazyk: | angličtina |
| Vydáno: |
Nueva York
Chapman and Hall
1982
|
| Edice: | Population and Community Biology
|
| Témata: | |
| Tagy: |
Přidat tag
Žádné tagy, Buďte první, kdo vytvoří štítek k tomuto záznamu!
|
MARC
| LEADER | 00000nam a2200000 a 4500 | ||
|---|---|---|---|
| 001 | UCU1724 | ||
| 003 | CL-VaPUC | ||
| 008 | 960412e19820000US |||||||||||||||||eng|d | ||
| 082 | 0 | 4 | |a 591.53 |b PIM |2 21 |
| 100 | 0 | |a Pimm, Stuart L |e author |9 357419 | |
| 245 | 1 | 0 | |a Food Webs |
| 300 | |a 219 p | ||
| 942 | |c BK | ||
| 945 | |d 19960412 00:00:00 |a mcarcey | ||
| 260 | |a Nueva York |b Chapman and Hall |c 1982 | ||
| 650 | 0 | |a Alimentos |9 256203 | |
| 650 | 0 | |a Nutrición |9 259434 | |
| 650 | 0 | |a Biología |9 262022 | |
| 650 | 7 | |a HABITAT |2 CL-VaPUC |9 267395 | |
| 650 | 0 | |a Ecología |9 258124 | |
| 650 | 0 | |a Modelos matemáticos |9 259437 | |
| 583 | |a last modification |c 19960412 00:00:00 |k Rodrigo Vera | ||
| 490 | 0 | |a Population and Community Biology | |
| 999 | |c 246245 |d 246243 | ||
| 952 | |0 0 |1 0 |4 0 |6 591_530000000000000_PIM_1982 |7 0 |8 A |9 261047 |a BIBCUR |b BIBCUR |d 2019-11-19 |i 3188221 |o 591.53 PIM 1982 |p 3188221 |r 2025-04-22 |w 2019-11-19 |y BK |k BCB | ||